Physical universe

The Physical Universe shows students how science works, how scientists approach problems, and why science constantly evolves in its search for understanding.

שמור ב:
מידע ביבליוגרפי
מחבר ראשי: Krauskopf, Konrad B.
פורמט: ספר
שפה:Undetermined
יצא לאור: New York McGraw-Hill Companies 2008
נושאים:
תגים: הוספת תג
אין תגיות, היה/י הראשונ/ה לתייג את הרשומה!
Thư viện lưu trữ: Trung tâm Học liệu Trường Đại học Cần Thơ
LEADER 00714nam a2200205Ia 4500
001 CTU_172150
008 210402s9999 xx 000 0 und d
020 |c 60.05 
082 |a 500.2 
082 |b K91 
100 |a Krauskopf, Konrad B. 
245 0 |a Physical universe 
245 0 |c Konrad B. Krauskopf, Arthur Beiser 
260 |a New York 
260 |b McGraw-Hill Companies 
260 |c 2008 
520 |a The Physical Universe shows students how science works, how scientists approach problems, and why science constantly evolves in its search for understanding. 
650 |a Physical sciences,Khoa học vật lý 
904 |i Ngoc Huyen 
980 |a Trung tâm Học liệu Trường Đại học Cần Thơ